000 00236nam a2200109 a 4500
008 101209s1991|||| d
245 1 0 _aPražské Ghetto
260 _bOlympia
_aPraha
_c1991
020 _c10
041 _aces
044 _aCZ
999 _c15034
_d15034